| 000 | 00717nam a22002057a 4500 | ||
|---|---|---|---|
| 003 | OSt | ||
| 005 | 20250811034756.0 | ||
| 008 | 240605b |||||||| |||| 00| 0 eng d | ||
| 020 | _a9789719654254 | ||
| 040 |
_aDWCL-Main Lib. _cOC |
||
| 082 | _aFil. 658.406 F634o 2016 | ||
| 100 | _aFlores, Marivic F. | ||
| 245 |
_aOrganization development / _cMarivic F. Flores & Rodolfo L. Ducut |
||
| 260 |
_aIntramuros Manila, Philippines : _bUnlimited Books Library Services & Publishing Inc., _cc2016. |
||
| 300 |
_aviii, 395 pages : _billustrations ; _c23cm |
||
| 504 | _aIncludes bibliographical references. | ||
| 650 | _a1. Organizational development. | ||
| 700 | _aDucut, Rodolfo L. | ||
| 942 |
_2ddc _cBK - FIL _kFil. _n0 |
||
| 999 |
_c205 _d205 |
||